| 000 | 01058nam a2200325 a 4500 | ||
|---|---|---|---|
| 001 | BRCA_4717 | ||
| 005 | 20190320204757.0 | ||
| 008 | 051010s1950----sp-a######---#000-0#spa-# | ||
| 041 | _aspa | ||
| 044 | _asp | ||
| 050 | 4 |
_aDP402 _b.M87 1950 |
|
| 245 | 1 | 0 |
_aLos museos Arqueológico y Valencia de D. Juan _cintroducción y notas de Luis M. Feduch ; fotografías, Juan Pando. |
| 260 |
_aMadrid _bAfrodisio Aguado _c1950 |
||
| 300 |
_a65 p. _bil. _c19 cm. |
||
| 440 | 0 |
_aEl mueble en España _v4 _911950 |
|
| 500 | _aIncluye índice de ilustraciones | ||
| 500 | _aEstado físico: Sobrecubierta deteriorada | ||
| 500 | _aCFG31 | ||
| 546 | _aTexto en inglés y francés | ||
| 610 | 2 | 4 |
_aMuseo Valencia de D. Juan _911951 |
| 650 | 1 | 4 |
_aMuebles _zMadrid _911952 |
| 650 | 1 | 4 |
_aObjetos de arte _zMadrid _911953 |
| 650 | 1 | 4 |
_aArte decorativo _zMadrid _911954 |
| 650 | 1 | 4 |
_aMuseos arqueológicos _911955 |
| 650 | 1 | 4 |
_aMuseos de arte _911956 |
| 700 | 1 |
_aPando, Juan _eFotógrafo _911957 |
|
| 700 | 1 |
_aFeduchi, Luis M. _911958 |
|
| 902 | _aGFM | ||
| 942 |
_2lcc _cB |
||
| 999 |
_c4415 _d4415 |
||